000 00560nam a2200157 a 4500
008 120416s1971 ||||||||||||||||| || u
050 _aGN 480 Ret
100 _aNeedham, Rodney
245 1 0 _aRethinking kinship and marriage
_cedited by Rodney Needham
260 _aLondon
_bTavistock
_c[1971]
300 _acxvii, 276p. : ill.
350 _a0.00
650 _aCULTURE
650 _aKINSHIP--MARRIAGE
995 _D0.00
_FCBU-MAIN LIBRARY (Kitwe)
_H1
_I12.00
_M1
_UAVAILABLE
_ZMain Library Open Access Collection
999 _c56438
_d56438